Restructuring large scale state enterprises in the republics of Azerbaijan, Kazakhstan, the Kyrgyz Republic and Uzbekistan : the challenge for technical assistance
Αποθηκεύτηκε σε:
| Κύριος συγγραφέας: | |
|---|---|
| Μορφή: | Βιβλίο |
| Γλώσσα: | English |
| Δημοσίευση: |
Athens :
Centre of Planning and Economic Research,
1995
|
| Σειρά: | Εργασίες για συζήτηση = Discussion papers ;
; 50 |
| Θέματα: | |
| Ετικέτες: |
Προσθήκη ετικέτας
Δεν υπάρχουν, Καταχωρήστε ετικέτα πρώτοι!
|
MARC
| LEADER | 00000cam a2200000 i 4500 | ||
|---|---|---|---|
| 001 | 1/7151 | ||
| 008 | 960724s1995 eng d | ||
| 035 | |l 10016603 | ||
| 040 | |a GR-MY-UA |b gre |e aacr | ||
| 041 | 0 | |a eng | |
| 082 | 0 | |a 338.5144 | |
| 100 | 1 | |a Henley, John. | |
| 245 | 1 | 0 | |a Restructuring large scale state enterprises in the republics of Azerbaijan, Kazakhstan, the Kyrgyz Republic and Uzbekistan : |b the challenge for technical assistance / |c J. Henley |
| 260 | |a Athens : |b Centre of Planning and Economic Research, |c 1995 | ||
| 300 | |a 42 p. |b tabl. | ||
| 490 | 1 | |a Discussion papers |v ; 50 | |
| 504 | |a Includes bibliographical references | ||
| 650 | 0 | 0 | |a Economies of scale. |
| 830 | 0 | |a Εργασίες για συζήτηση = Discussion papers ; |v ; 50 | |
| 852 | |a INST |b LESVOS |e 19960724 |h 338.5144 HEN |p 005100009445 |q 005100009445 |t BK |y 0 | ||
| 909 | |a Λ |b 043638 | ||
| 970 | |z 2000/05/ΟΙΚΟΝΟΜΟΠΟΥΛΟΥ ΧΡΙΣΤΙΝΑ | ||